000
00307nam a2200109Ia 4500
008
220204s9999 xx 000 0 und d
082
_a
347.715
_b
IND
245
0
_a
Industries (Development and Regulation) Act, 1951
260
_a
Delhi
_b
Manager of Publications
_c
1962
650
_a
Industries acts
942
_c
BK
999
_c
19296
_d
19296